=LDR 00000nam 2200000 4500 =001 INLIS000000000040306 =005 20130612145856 =008 ***********************************Ind** =035 ##$$0010-061300000040306 =041 ##$$a Ind =082 ##$$a 634.9 =090 ##$$a 634.9, Das d 2 =100 ##$$a Hitam Hasril Ir =245 ##$$a Dasar-Dasar Teori Dan Penggunaan Teknik Pengambilan Contoh, Ir.Hasril Hitam =260 ##$$a 1980 $b Jakarta =850 ##$$a NBPNMAT =990 ##$$a 0163/BPAP-NTB/2015